000 01514nam a2200337 c 4500
999 _c116023
_d116023
003 BLK
005 20221129105952.0
008 180409b bul|||||r ||||||| ||bul||
010 _aKNG00121551000
040 _aBLK
041 _aBUL
_cBUL
080 _aИстория на музиката
_b78.03
_x(075.8)
_z78.03(075.8)
139 _aИстория на музиката
_bИ 95
245 1 0 _aИстория на музиката
_bУчебник за студентите от Бълг. държ. консерватория : Ч. 1 -
_cсъстав. Михаил Друскин; прев. на том Киприана Беливанова.
_nЧ. 4
_pВтората половина на ХIХ век
250 _a2. изд.
257 _aSUN
260 _aСофия
_bМузика
_c1982
300 _c22 см
380 _a7
500 _aОриг. загл. История зарубежной музыки
650 4 _aМузика - история
_9249453
653 _aистория на музиката
700 1 _aДрускин, Михаил
_eсъстав.
_9376367
700 1 _aБеливанова, Киприана
_eпрев. на том
_9314458
760 1 _b2. изд.
_d1987
_h648 с. : с ноти
_n1. изд. 1976.
_tЧ. 4 Втората половина на ХIХ век
852 _aЦб 99671
856 4 _qpdf
_i0.00
_ldisable
856 4 _qpdf
_i0.00
_ldisable
942 _cKNG
_n0
_s1
944 _aCR
_c01.03.2011
_lдобави в АБ / 28.02.2011
_kИрена_Линкова
944 _aED
_c28.02.2014
_lдобави в АБ / 28.02.2011
944 _aED
_c2022-11-29
_kХристина Везирева
999 _d116023